Feminism and the family in England, 1880-1939 /

Bibliographic Details
Main Author: Dyhouse, Carol, 1948-
Format: Book
Language:English
Published: Oxford, UK ; New York, NY, USA : Basil Blackwell, 1989.
Subjects:

MARC

Tag First Indicator Second Indicator Subfields
LEADER 00000pam a2200000 a 4500
001 in00001725310
005 20151024202829.0
008 890123s1989 enk b 001 0 eng
010 |a  89000106  
020 |a 0631167358 (U.S.) :  |c $55.00 
020 |a 0631167366 (U.S. : pbk.) :  |c $17.90 
035 |a (OCoLC)ocm19222474 
040 |a DLC  |c DLC  |d TXA  |d UtOrBLW 
043 |a e-uk-en 
049 |a TXAM 
050 0 0 |a HQ615  |b .D94 1989 
082 0 0 |a 305.4/2/0942  |2 19 
100 1 |a Dyhouse, Carol,  |d 1948- 
245 1 0 |a Feminism and the family in England, 1880-1939 /  |c Carol Dyhouse. 
264 1 |a Oxford, UK ;  |a New York, NY, USA :  |b Basil Blackwell,  |c 1989. 
300 |a vi, 204 pages ;  |c 24 cm. 
336 |a text  |b txt  |2 rdacontent 
337 |a unmediated  |b n  |2 rdamedia 
338 |a volume  |b nc  |2 rdacarrier 
504 |a Includes bibliographical references and index. 
650 0 |a Families  |z England  |x History  |y 19th century. 
650 0 |a Families  |z England  |x History  |y 20th century. 
650 0 |a Marriage  |z England  |x History  |y 19th century. 
650 0 |a Marriage  |z England  |x History  |y 20th century. 
650 0 |a Feminism and literature  |z England  |x History  |y 19th century. 
650 0 |a Feminism and literature  |z England  |x History  |y 20th century. 
948 |a cataloged  |b h  |c 2003/3/21  |d c  |e jgreene  |f 2:05:43 pm 
994 |a E0  |b TXA 
999 |a MARS 
999 f f |s cef5f699-28f0-3f9c-a16d-9a529b07d0a3  |i ab824d87-5e57-351d-a008-d246fc33b3d7  |t 0 
952 f f |p normal  |a Texas A&M University  |b College Station  |c Sterling C. Evans Library  |d Evans: Library Stacks  |t 0  |e HQ615 .D94 1989  |h Library of Congress classification  |i unmediated -- volume  |m A14829801959 
998 f f |a HQ615 .D94 1989  |t 0  |l Evans: Library Stacks